Jean-Michel (mort subite) - Statistiques

Statistiques générales
  • Ce quiz a été pris 50 fois
  • Le résultat moyen est 10 sur 23
Answers on the Grid
Answers color-coded by a green-red scale on the quiz's grid according to % correct below.
Torché
Cafard
Voidechiote
Malsapé
Apeupré
Cracra
Chantepa
Sature
de la Bitas
Amoitié
Lala
Avou
Nulengéo
Lolo
Nulenplébak
Mangemicro
Dégueu
Padcinture
Gastro
Fotdefrape
Fétusse
Gratebonbons
Lafin
Emeléavions
Contrere
Malrasé
Petitanonsse
 
Statistiques - réponses
Réponse % Correct
Apeupré
82%
Chantepa
68%
Torché
68%
Amoitié
64%
Nulengéo
57%
Voidechiote
55%
Gastro
52%
Mangemicro
50%
Malsapé
48%
Nulenplébak
48%
Avou
43%
Gratebonbons
36%
Padcinture
34%
Dégueu
30%
Sature
30%
Lafin
27%
Emeléavions
25%
Fétusse
25%
Fotdefrape
25%
Lala
25%
Petitanonsse
25%
Cafard
20%
Contrere
16%
Aucun quiz correspondant
Distribution des résultats
% des personnes avec chaque résultat
Percentile par nombre de réponses
Votre historique - résultats
Vous n’avez pas pris ce quiz